000 00693cam a2200241 a 4500
001 4250212
003 GBCCL
005 20241126110355.0
008 980526s1996 ii b 001 0 eng d
020 _a8174750142
035 _a(OCoLC)ocn686553584
035 _a4250212
040 _aKAT
_cKAT
_dCtY-D
050 4 _aBR145.2
_b.H72 1996
082 _a270
_bHRA
100 1 _aHrangkhuma, F.
_91641
245 1 0 _aIntroduction to church history /
_cF. Hrangkhuma.
260 _aBangalore :
_bTheologicl Book Trust,
_c1996.
300 _avii, 416 p. ;
_c22 cm.
504 _aIncludes bibliographical references (p. 387-389) and index.
650 0 _aChurch history.
_9117
942 _2ddc
_cBK
_0252
999 _c1190
_d1190